Welcome to the Holygrace Academy Library

Please use search bar below to get started

VERNON GOD LITTLE (Record no. 3312)

MARC details
000 -LEADER
fixed length control field 00548nam a22001457a 4500
020 ## - INTERNATIONAL STANDARD BOOK NUMBER
ISBN 0-571-21517-3
082 ## - DEWEY DECIMAL CLASSIFICATION NUMBER
Classification number 823
Item number PIE/V
100 ## - MAIN ENTRY--AUTHOR NAME
Personal name PIERRE,DBC
245 ## - TITLE STATEMENT
Title VERNON GOD LITTLE
260 ## - PUBLICATION, DISTRIBUTION, ETC. (IMPRINT)
Place of publication LONDON
Name of publisher FABER & FABER
300 ## - PHYSICAL DESCRIPTION
Number of Pages 279
520 ## - SUMMARY, ETC.
Summary, etc Plot synopsis. The life of Vernon Little, a normal teenager who lives in Martirio, Texas, falls apart when his best friend, Jesus Navarro, murders their classmates in the schoolyard before killing himself, and Vernon is taken in for questioning.
650 ## - SUBJECT ADDED ENTRY--TOPICAL TERM
Topical Term ENGLISH NOVEL
Geographic subdivision LONDON
942 ## - ADDED ENTRY ELEMENTS (KOHA)
Koha item type Books
Holdings
Withdrawn status Lost status Collection code Home library Current library Shelving location Date acquired Source of acquisition Full call number Accession Number Koha item type
    Fiction Main Library Main Library SHELF 2-J-ENGLISH NOVELS FOR TEACHERS 19/06/2010 PURCHASE 823 PIE/V 05441 Books